Normal view
MARC view
Entry Topical Term
001 - CONTROL NUMBER
- control field: 6621
003 - CONTROL NUMBER IDENTIFIER
- control field: OSt
005 - DATE AND TIME OF LATEST TRANSACTION
- control field: 20160128142623.0
008 - FIXED-LENGTH DATA ELEMENTS
- fixed length control field: 160128|| aca||aabn | a|a d
040 ## - CATALOGING SOURCE
- Original cataloging agency: OSt
- Transcribing agency: OSt
150 ## - HEADING--TOPICAL TERM
- Topical term or geographic name entry element: Electronic data processing personnel
- General subdivision: Certification.
670 ## - SOURCE DATA FOUND
- Source citation: Work cat.: (OSt)2906: Alpern, Naomi J. 6619, The real MCTS/MCITP exam 70-640 :, 2008.
